[Event "Challenge"]
[Site "http://www.queenalice.com/game.php?id=188387"]
[Date "2007.3.27"]
[Round "-"]
[White "ProblemChild"]
[Black "hugo10"]
[Result "0-1"]
[WhiteElo "1568"]
[BlackElo "1461"]

1. e4 e5 2. Nf3 Nc6 3. d3 Nf6 4. Be2 Bc5 5. O-O h6 6. Nc3 d6 7. Na4 g5 8. Nxc5
dxc5 9. Bd2 Nd4 10. Nxe5 h5 11. Bxg5 Rg8 12. Bh4 Qd6 13. Bxf6 Qxf6 14. f4 Qg7
15. Bxh5 Qxg2# 0-1

[Event "Challenge"]
[Site "http://www.queenalice.com/game.php?id=189336"]
[Date "2007.3.29"]
[Round "-"]
[White "ProblemChild"]
[Black "hugo10"]
[Result "0-1"]
[WhiteElo "1615"]
[BlackElo "1464"]

1. e4 e5 2. Nf3 Nc6 3. Bb5 Nd4 4. Nxd4 exd4 5. O-O Nf6 6. e5 Ng8 7. f4 c6 8. Bd3
Nh6 9. c3 d6 10. Bc4 d5 11. Be2 Bg4 12. Bxg4 dxc3 13. bxc3 d4 14. Bh3 dxc3 15.
Nxc3 Qd4+ 16. Kh1 Bb4 17. Bb2 O-O 18. Qb3 c5 19. Nd5 Qe4 20. Ne7+ Kh8 21. Rae1
c4 22. Qxb4 Qc2 23. Rc1 Qe4 24. d4 Rfe8 25. Bd7 a5 26. Qa3 Nf5 27. Nxf5 g6 28.
Nd6 Qd5 0-1

[Event "AUTO-INT-407"]
[Site "http://www.queenalice.com/game.php?id=193527"]
[Date "2007.4.7"]
[Round "1"]
[White "ProblemChild"]
[Black "Francisco_Ferraz"]
[Result "0-1"]
[WhiteElo "1574"]
[BlackElo "1585"]

1. e4 c5 2. Nf3 d6 3. d4 cxd4 4. Nxd4 Nf6 5. Nd2 a6 6. Bc4 Nc6 7. Nxc6 bxc6 8.
Qe2 e5 9. O-O d5 10. exd5 cxd5 0-1

[Event "AUTO-INT-407"]
[Site "http://www.queenalice.com/game.php?id=193550"]
[Date "2007.4.7"]
[Round "1"]
[White "ProblemChild"]
[Black "kloosterveen"]
[Result "0-1"]
[WhiteElo "1583"]
[BlackElo "1751"]

1. e4 e5 2. Nf3 Nc6 3. Bb5 Nge7 4. O-O a6 5. Bxc6 Nxc6 6. d4 exd4 7. Nxd4 Qf6 8.
c3 Bc5 9. Be3 O-O 10. Nc2 Qe5 11. Nd2 Bd6 0-1

[Event "AUTO-INT-407"]
[Site "http://www.queenalice.com/game.php?id=193551"]
[Date "2007.4.7"]
[Round "1"]
[White "kloosterveen"]
[Black "ProblemChild"]
[Result "1-0"]
[WhiteElo "1741"]
[BlackElo "1593"]

1. d4 Nf6 2. Bg5 Ne4 3. Bh4 e5 4. Bxd8 Kxd8 5. dxe5 Nc6 6. Qd5 f5 7. c3 Ne7 8.
Qb3 Nc6 9. f4 Bc5 10. Nh3 g5 11. fxg5 Nxe5 12. g3 Ng4 13. Qd5 1-0

[Event "AUTO-INT-1078"]
[Site "http://www.queenalice.com/game.php?id=481006"]
[Date "2008.10.22"]
[Round "1"]
[White "aureliano"]
[Black "ProblemChild"]
[Result "1-0"]
[WhiteElo "1588"]
[BlackElo "1430"]

1. d4 d6 2. Qd3 e6 3. Nc3 d5 4. g3 Nc6 5. Nh3 Nb4 6. Qd2 c5 7. Qf4 Nxc2+ 8. Kd1
Nxa1 9. Ng5 Nh6 10. e3 Be7 11. Nf3 O-O 12. Bd3 f6 13. e4 c4 14. Bb1 g5 15. Qe3
1-0

[Event "AUTO-INT-1078"]
[Site "http://www.queenalice.com/game.php?id=481007"]
[Date "2008.10.22"]
[Round "1"]
[White "ProblemChild"]
[Black "aureliano"]
[Result "0-1"]
[WhiteElo "1440"]
[BlackElo "1578"]

1. e4 e5 2. Nf3 Nf6 3. d3 Bc5 4. Nxe5 Qe7 5. f4 d5 6. Nc3 Bd4 7. Nxd5 Nxd5 8. g3
Nf6 9. Qe2 Be6 10. c3 Bc5 11. d4 Bb6 12. Qe3 Ng4 13. Nxg4 Bxg4 14. h3 Bd7 15. e5
Bf5 16. Bg2 c6 0-1

[Event "AUTO-INT-1078"]
[Site "http://www.queenalice.com/game.php?id=481018"]
[Date "2008.10.22"]
[Round "1"]
[White "Molli_Jaschin"]
[Black "ProblemChild"]
[Result "1-0"]
[WhiteElo "1634"]
[BlackElo "1420"]

1. e4 e5 2. Nf3 Nc6 3. Bb5 a6 4. Ba4 Nf6 5. O-O Bc5 6. c3 d5 7. Bxc6+ bxc6 8.
Nxe5 Bb7 9. d4 Bb6 10. exd5 cxd5 11. Re1 O-O 12. Bg5 h6 13. Bxf6 Qxf6 14. Nd7
1-0

[Event "AUTO-INT-1078"]
[Site "http://www.queenalice.com/game.php?id=481019"]
[Date "2008.10.22"]
[Round "1"]
[White "ProblemChild"]
[Black "Molli_Jaschin"]
[Result "0-1"]
[WhiteElo "1420"]
[BlackElo "1647"]

1. e4 e5 2. Nf3 Nc6 3. d4 exd4 4. Nxd4 Bc5 5. Bd3 Bxd4 6. O-O d6 7. h3 Nf6 8. c3
Bb6 9. Bf4 O-O 10. Re1 Bd7 11. Be3 Bxe3 12. Rxe3 Ne5 13. Bc2 Nc4 0-1